[Event "FLORIPA CHESS OPEN 2015"]
[Site "Florianopolis/SC"]
[Date "2015.01.15"]
[Round "3"]
[Board "21"]
[White "Cella, Glaucio Dalla Cortt"]
[Black "Dias, Anderson Tatsch"]
[Result "1/2-1/2"]
[WhiteElo "2033"]
[BlackElo "2212"]
[PlyCount "88"]
[EventDate "2015.01.14"]
[EventRounds "10"]
[EventCountry "BRA"]

1. e4 c5 2. Nf3 e6 3. c3 Nf6 4. e5 Nd5 5. d4 cxd4 6. cxd4 d6 7. Bd3 Bd7 8. O-O
Bc6 9. Nc3 Nxc3 10. bxc3 Nd7 11. exd6 Bxd6 12. Re1 Qa5 13. Bd2 Qh5 14. Ne5 Qxd1
15. Raxd1 Nxe5 16. dxe5 Bc5 17. Kf1 Ba4 18. Rb1 O-O-O 19. Ke2 Rd5 20. Bf4 g5
21. Bxg5 Rxe5+ 22. Be3 Bxe3 23. fxe3 Rg8 24. Rg1 Bc6 25. Rbf1 f5 26. Rf4 Ra5
27. Bc4 Bb5 28. Kf3 Bc6+ 29. Kf2 Bd5 30. g4 fxg4 31. Rgxg4 Rxg4 32. Rxg4 Bxc4
33. Rxc4+ Kd7 34. Rh4 Rxa2+ 35. Kf3 a6 36. Rxh7+ Kc6 37. h4 a5 38. Rh8 Kd5 39.
h5 Rh2 40. Kg3 Rh1 41. Kg2 Rh4 42. Kg3 Rh1 43. Kg2 Rh4 44. Kg3 Rh1 1/2-1/2

[Event "FLORIPA CHESS OPEN 2015"]
[Site "Florianopolis/SC"]
[Date "2015.01.15"]
[Round "3"]
[Board "22"]
[White "De Carvalho, Christopher"]
[Black "Paveto, Kevin"]
[Result "0-1"]
[WhiteElo "1965"]
[BlackElo "2437"]
[PlyCount "78"]
[EventDate "2015.01.14"]
[EventRounds "10"]
[EventCountry "BRA"]

1. d4 Nf6 2. Nf3 g6 3. Bf4 Bg7 4. e3 O-O 5. Be2 d6 6. h3 c5 7. c3 Qb6 8. Qb3
Qxb3 9. axb3 Be6 10. Nbd2 Nc6 11. O-O b6 12. Ra3 Bd7 13. Rfa1 Nd5 14. Bg3 cxd4
15. Nxd4 Nxd4 16. exd4 a5 17. b4 Rab8 18. bxa5 bxa5 19. Bf3 Nf6 20. Re1 Be6 21.
Rxa5 Rxb2 22. Ne4 Nxe4 23. Bxe4 Rc8 24. Bd5 Bxd5 25. Rxd5 Bf6 26. Bf4 Rxc3 27.
Bh6 Rc8 28. g3 Ra8 29. h4 Rb6 30. Bf4 Ra4 31. Bh6 Ra8 32. Bf4 Kg7 33. Bg5 Ra4
34. Bf4 h6 35. Kg2 Raa6 36. Bd2 e6 37. Ra5 Bxd4 38. Re4 Bf6 39. Rxa6 Rxa6 0-1

[Event "FLORIPA CHESS OPEN 2015"]
[Site "Florianopolis/SC"]
[Date "2015.01.15"]
[Round "3"]
[Board "24"]
[White "Goncalves, Davi Sulzbacher"]
[Black "Menna Barreto, Felipe Kubiaki"]
[Result "0-1"]
[WhiteElo "1983"]
[BlackElo "2247"]
[PlyCount "102"]
[EventDate "2015.01.14"]
[EventRounds "10"]
[EventCountry "BRA"]

1. d4 d6 2. c4 g6 3. Nc3 Bg7 4. e4 Nc6 5. Nf3 Bg4 6. Be3 Bxf3 7. gxf3 Nf6 8. f4
O-O 9. e5 Nd7 10. Qd2 Nb4 11. O-O-O c5 12. exd6 exd6 13. Kb1 Qa5 14. a3 Nc6 15.
d5 Nd4 16. Bxd4 cxd4 17. Nb5 Qb6 18. Nxd4 Rfe8 19. f3 Re7 20. f5 Rae8 21. fxg6
hxg6 22. h4 Nc5 23. h5 Re3 24. hxg6 Nb3 25. Qh2 Nxd4 26. Qh7+ Kf8 27. gxf7 Kxf7
28. Rg1 Rg8 29. Qg6+ Kf8 30. Rxd4 Re1+ 31. Ka2 Qxb2+ 32. Kxb2 Bxd4+ 33. Kc2
Rxg6 34. Rxg6 Rxf1 35. Rxd6 Rxf3 36. Rd7 Rf7 37. Rd8+ Ke7 38. Rb8 Kd6 39. Kd3
Bb6 40. a4 Re7 41. Rc8 Re3+ 42. Kc2 Ra3 43. Rb8 Kc7 44. Rh8 Rxa4 45. Rh7+ Kc8
46. Kb3 Ra1 47. Rh8+ Bd8 48. Kb4 Rb1+ 49. Kc5 Kd7 50. Rh7+ Be7+ 51. Kd4 b6 0-1

[Event "FLORIPA CHESS OPEN 2015"]
[Site "Florianopolis/SC"]
[Date "2015.01.15"]
[Round "3"]
[Board "25"]
[White "Noseda, Francesco"]
[Black "Guimaraes, Diogo Duarte"]
[Result "0-1"]
[WhiteElo "1969"]
[BlackElo "2221"]
[PlyCount "74"]
[EventDate "2015.01.14"]
[EventRounds "10"]
[EventCountry "BRA"]

1. e4 e5 2. f4 d5 3. exd5 exf4 4. Nf3 Nf6 5. Bb5+ c6 6. dxc6 Nxc6 7. d4 Bd6 8.
O-O O-O 9. c3 Bg4 10. Nbd2 Rc8 11. Bd3 Re8 12. Re1 g5 13. Ne4 Nxe4 14. Bxe4 Qf6
15. Qd3 h5 16. Bd2 Re7 17. Qb5 Bxf3 18. Bxf3 a6 19. Qd3 g4 20. Bxc6 Rxc6 21.
Rxe7 Bxe7 22. Rf1 Bd6 23. Qe4 f3 24. gxf3 Bxh2+ 25. Kg2 Re6 26. Qd3 Qh4 27. f4
Qh3+ 28. Qxh3 gxh3+ 29. Kxh3 Re2 30. Bc1 f5 31. Kh4 Rg2 32. Kxh5 Rg4 33. Rf2
Bg3 34. Re2 Kf7 35. d5 Bh4 36. c4 Bf6 37. Rh2 Rg8 0-1

[Event "FLORIPA CHESS OPEN 2015"]
[Site "Florianopolis/SC"]
[Date "2015.01.15"]
[Round "3"]
[Board "26"]
[White "Goncalves, Leonardo Yamamoto P"]
[Black "Garkauskas, Otto Dmitry"]
[Result "0-1"]
[WhiteElo "1945"]
[BlackElo "2202"]
[PlyCount "81"]
[EventDate "2015.01.14"]
[EventRounds "10"]
[EventCountry "BRA"]

1. e4 c6 2. d4 d5 3. exd5 cxd5 4. Bd3 Nc6 5. c3 Qc7 6. Nf3 Bg4 7. O-O e6 8.
Nbd2 Bd6 9. Qa4 Nge7 10. Ne5 Bxe5 11. dxe5 Bf5 12. Bxf5 Nxf5 13. Nf3 h6 14. b4
O-O 15. Re1 Nce7 16. Qb3 Ng6 17. Nd4 Nxd4 18. cxd4 Rfc8 19. Be3 Qc2 20. Rec1
Qf5 21. Rc5 b6 22. Rc3 Nh4 23. Kh1 Qg4 24. Rg1 Qe2 25. a4 Rc4 26. Rxc4 dxc4 27.
Qc3 Rc8 28. h3 Nf5 29. Re1 Qd3 30. Qxd3 cxd3 31. Rd1 Rc4 32. Rxd3 Rxb4 33. a5
Ne7 34. axb6 axb6 35. Rd1 b5 36. Kg1 Kf8 37. d5 Rc4 38. d6 Nd5 39. Ra1 Ra4 40.
Rc1 Ke8 41. Rc8+ 0-1

[Event "FLORIPA CHESS OPEN 2015"]
[Site "Florianopolis/SC"]
[Date "2015.01.15"]
[Round "3"]
[Board "27"]
[White "Maiberg, Wellington Gubiani"]
[Black "Godoy Olazabal, Artur"]
[Result "1/2-1/2"]
[WhiteElo "1880"]
[BlackElo "2198"]
[PlyCount "62"]
[EventDate "2015.01.14"]
[EventRounds "10"]
[EventCountry "BRA"]

1. e4 e5 2. Nf3 Nc6 3. Bc4 Bc5 4. b4 Bxb4 5. c3 Ba5 6. d4 Qf6 7. O-O Nge7 8. d5
Nd8 9. Bg5 Qd6 10. Qa4 Bb6 11. Na3 c6 12. Rad1 f6 13. dxc6 Qxc6 14. Bb5 Qc7 15.
Nc4 Bc5 16. Be3 O-O 17. Bxc5 Qxc5 18. Nd6 Nec6 19. Qb3+ Kh8 20. Rd5 Qb6 21.
Rfd1 Ne6 22. Bf1 Qxb3 23. axb3 Ne7 24. R5d2 a6 25. Nxc8 Nxc8 26. Rxd7 Nc5 27.
Rc7 b6 28. b4 Ne6 29. Rc6 Nd8 30. Rc7 Ne6 31. Rc6 Nd8 1/2-1/2

[Event "FLORIPA CHESS OPEN 2015"]
[Site "Florianopolis/SC"]
[Date "2015.01.15"]
[Round "3"]
[Board "28"]
[White "Faig, Cristian"]
[Black "Das Chagas, David Ferreira"]
[Result "1-0"]
[WhiteElo "2176"]
[BlackElo "1868"]
[PlyCount "63"]
[EventDate "2015.01.14"]
[EventRounds "10"]
[EventCountry "BRA"]

1. c4 Nf6 2. Nc3 b6 3. d4 e6 4. Bg5 Be7 5. Qc2 d5 6. Nf3 O-O 7. e3 Bb7 8. Ne5
Ne4 9. Bxe7 Qxe7 10. Bd3 f5 11. O-O Nd7 12. Rad1 Rad8 13. f4 c5 14. cxd5 exd5
15. Qa4 Nxe5 16. fxe5 a6 17. Ne2 b5 18. Qa3 b4 19. Qa5 c4 20. Bxe4 fxe4 21.
Rxf8+ Rxf8 22. Nf4 Rd8 23. Rf1 h6 24. h3 Kh7 25. Qb6 c3 26. bxc3 bxc3 27. Qg6+
Kh8 28. Ne6 Rg8 29. Rf7 c2 30. Rxe7 c1=Q+ 31. Kh2 Qxe3 32. Rxg7 1-0

[Event "FLORIPA CHESS OPEN 2015"]
[Site "Florianopolis/SC"]
[Date "2015.01.15"]
[Round "3"]
[Board "29"]
[White "Gotz, Klaus Seiji Furucho"]
[Black "Reis, Virginia Lagrange M."]
[Result "0-1"]
[WhiteElo "2143"]
[BlackElo "1865"]
[PlyCount "52"]
[EventDate "2015.01.14"]
[EventRounds "10"]
[EventCountry "BRA"]

1. d4 Nf6 2. c4 c5 3. d5 b5 4. Nf3 bxc4 5. Nc3 d6 6. e4 g6 7. Bxc4 Bg7 8. O-O
O-O 9. e5 Nfd7 10. exd6 exd6 11. Bf4 Nb6 12. Bb3 Re8 13. Re1 Rxe1+ 14. Qxe1 Na6
15. Nd2 Nb4 16. Qe4 Bf5 17. Qf3 Nd3 18. g4 Nxf4 19. Qxf4 Be5 20. Qf3 Qg5 21.
Nde4 Qxg4+ 22. Qxg4 Bxg4 23. f4 Bd4+ 24. Kg2 Re8 25. Nb5 Bxb2 26. Rb1 Bg7 {
IlegÃ­vel} 0-1

[Event "FLORIPA CHESS OPEN 2015"]
[Site "Florianopolis/SC"]
[Date "2015.01.15"]
[Round "3"]
[Board "30"]
[White "Mendonca Campelo, Higor Carlos"]
[Black "Ikeda, Vinicius Yasuto"]
[Result "1-0"]
[WhiteElo "2119"]
[BlackElo "1862"]
[PlyCount "45"]
[EventDate "2015.01.14"]
[EventRounds "10"]
[EventCountry "BRA"]

1. e4 e5 2. Nf3 Nc6 3. Nc3 Nf6 4. d4 exd4 5. Nxd4 Bb4 6. Nxc6 bxc6 7. Bd3 d6 8.
O-O O-O 9. Bg5 h6 10. Bh4 Qe7 11. h3 Bxc3 12. bxc3 Qe5 13. f4 Qxc3 14. e5 Nd5
15. Rf3 Qa5 16. c4 Nb4 17. Be1 Qc5+ 18. Bf2 Qa5 19. Bb1 dxe5 20. Qe1 e4 21. Rb3
c5 22. Qxe4 f5 23. Qxa8 1-0

[Event "FLORIPA CHESS OPEN 2015"]
[Site "Florianopolis/SC"]
[Date "2015.01.15"]
[Round "3"]
[Board "31"]
[White "Takeda, Lucas Koji"]
[Black "Pottker, Gustavo Sartori"]
[Result "1/2-1/2"]
[WhiteElo "1903"]
[BlackElo "2109"]
[PlyCount "140"]
[EventDate "2015.01.14"]
[EventRounds "10"]
[EventCountry "BRA"]

1. d4 Nf6 2. c4 e6 3. Nc3 d5 4. cxd5 exd5 5. Bg5 Be7 6. e3 O-O 7. Bd3 Re8 8.
Qc2 h6 9. Bh4 Nc6 10. a3 Ng4 11. Bxe7 Rxe7 12. Nge2 Qd6 13. h3 Nf6 14. O-O Be6
15. b4 Rae8 16. Ng3 h5 17. Rac1 h4 18. Nge2 Bc8 19. Bf5 g6 20. Bxc8 Rxc8 21.
Qa2 g5 22. Nb5 Qd7 23. Rc5 a6 24. Nbc3 Rd8 25. b5 axb5 26. Rxb5 b6 27. e4 dxe4
28. Rxg5+ Kf8 29. d5 Ne5 30. Nf4 c6 31. Nh5 Nxh5 32. Rxh5 cxd5 33. Qd2 f6 34.
Qh6+ Kf7 35. Qh7+ Kf8 36. Qh6+ Kf7 37. Rd1 Rg8 38. Nxd5 Qd6 39. Qh7+ Rg7 40.
Qxe4 Re6 41. Rc1 Nd7 42. Qxh4 Qxa3 43. Qf4 Qd6 44. Qxd6 Rxd6 45. Rc7 Kg6 46.
Nf4+ Kf7 47. Rf5 Rg5 48. Rxg5 fxg5 49. Ne2 Ke6 50. f4 gxf4 51. Nxf4+ Ke5 52.
Ne2 b5 53. Rb7 Nb6 54. Re7+ Kf6 55. Re4 Nd5 56. Kf2 b4 57. Nf4 Kf5 58. Rd4 Ke5
59. Rxd5+ Rxd5 60. Nxd5 Kxd5 61. Ke3 Kc4 62. Kd2 Kb3 63. g4 Ka3 64. g5 b3 65.
g6 b2 66. g7 b1=Q 67. g8=Q Qb2+ 68. Kd3 Qb1+ 69. Kd4 Qd1+ 70. Ke3 Qe1+ 1/2-1/2

[Event "FLORIPA CHESS OPEN 2015"]
[Site "Florianopolis/SC"]
[Date "2015.01.15"]
[Round "3"]
[Board "32"]
[White "De Borba, Guilherme"]
[Black "Pirola, Claudionor Alcides Lim"]
[Result "0-1"]
[WhiteElo "1845"]
[BlackElo "2088"]
[PlyCount "82"]
[EventDate "2015.01.14"]
[EventRounds "10"]
[EventCountry "BRA"]

1. d4 Nf6 2. c4 g6 3. f3 Bg7 4. e4 d6 5. Nc3 O-O 6. Be3 e5 7. Nge2 c6 8. Qd2
Nbd7 9. Rd1 a6 10. Nc1 b5 11. d5 b4 12. N3e2 cxd5 13. cxd5 a5 14. Ng3 Nb6 15.
Be2 h5 16. O-O Bd7 17. b3 Nc8 18. Nh1 Na7 19. Nf2 Qc7 20. Bc4 Bb5 21. Ncd3 Qb7
22. Rc1 Nd7 23. Nb2 Rfc8 24. Bxb5 Nxb5 25. Rxc8+ Rxc8 26. Nc4 Qa6 27. Nd1 Nc5
28. Re1 Kh7 29. Qe2 Nd4 30. Bxd4 exd4 31. Nf2 a4 32. Nd3 axb3 33. Nxc5 Qxa2 34.
Nxb3 Qxe2 35. Rxe2 Rxc4 36. Rd2 Bh6 37. Rd1 Be3+ 38. Kf1 Kg7 39. g3 Rc2 40.
Nxd4 Bxd4 41. Rxd4 b3 0-1

[Event "FLORIPA CHESS OPEN 2015"]
[Site "Florianopolis/SC"]
[Date "2015.01.15"]
[Round "3"]
[Board "33"]
[White "Pereira, Geanfrancesco"]
[Black "Ferreira, Rodrigo Maycon Miran"]
[Result "1-0"]
[WhiteElo "2046"]
[BlackElo "1844"]
[PlyCount "67"]
[EventDate "2015.01.14"]
[EventRounds "10"]
[EventCountry "BRA"]

1. e4 d6 2. Nc3 Nf6 3. f4 e5 4. Nf3 Nc6 5. Bb5 exf4 6. d4 Bd7 7. O-O Be7 8.
Bxf4 O-O 9. a3 Nb8 10. Bd3 g6 11. Qd2 Nh5 12. Bh6 Ng7 13. Nd5 a6 14. Rae1 Nc6
15. c4 Re8 16. b4 Bg4 17. Bb1 Nh5 18. a4 Be6 19. Nxe7+ Nxe7 20. d5 Bd7 21. Qc2
Nc8 22. c5 a5 23. b5 dxc5 24. Qxc5 Nb6 25. Ng5 f6 26. d6 cxd6 27. Qxd6 Be6 28.
Qxd8 Raxd8 29. Nxe6 Rxe6 30. Ba2 Rdd6 31. g4 Ng7 32. Rxf6 Nd7 33. Bxg7 Nxf6 34.
Bxf6 1-0

[Event "FLORIPA CHESS OPEN 2015"]
[Site "Florianopolis/SC"]
[Date "2015.01.15"]
[Round "3"]
[Board "34"]
[White "Rocha, Vitor Firmo De Souza"]
[Black "Da Silva, Camila Evaristo"]
[Result "1-0"]
[WhiteElo "2040"]
[BlackElo "1609"]
[PlyCount "65"]
[EventDate "2015.01.14"]
[EventRounds "10"]
[EventCountry "BRA"]

1. e4 e5 2. Nf3 Nf6 3. Nxe5 d6 4. Nf3 Nxe4 5. d4 d5 6. Bd3 Be7 7. O-O O-O 8.
Re1 Nf6 9. h3 Nc6 10. c4 h6 11. a3 Be6 12. c5 Qd7 13. Bb5 Qc8 14. Bxc6 bxc6 15.
Ne5 Qa6 16. Nc3 Rfe8 17. Qa4 Qc8 18. Bf4 Nh5 19. Bh2 Bxh3 20. Qd1 Nf6 21. gxh3
Qxh3 22. Re3 Qh4 23. Bg3 Qh3 24. Qf1 Qf5 25. Qd3 Qh5 26. Kg2 Ng4 27. Nxg4 Qxg4
28. f3 Qg5 29. Re5 Qf6 30. Rae1 Kf8 31. Qh7 g5 32. Rh1 Bxc5 33. Rxh6 1-0

[Event "FLORIPA CHESS OPEN 2015"]
[Site "Florianopolis/SC"]
[Date "2015.01.15"]
[Round "3"]
[Board "35"]
[White "Faria, Juliano Espezim Soares"]
[Black "De Haro, Martim Afonso Palma"]
[Result "0-1"]
[WhiteElo "1831"]
[BlackElo "2036"]
[PlyCount "72"]
[EventDate "2015.01.14"]
[EventRounds "10"]
[EventCountry "BRA"]

1. d4 Nf6 2. c4 e6 3. Nc3 c5 4. d5 exd5 5. cxd5 d6 6. e4 g6 7. Be2 Bg7 8. Bg5
h6 9. Bf4 O-O 10. Nf3 Na6 11. O-O Nc7 12. Nd2 Re8 13. Qc2 Re7 14. Rad1 Nfe8 15.
Bg3 f5 16. Bd3 Rf7 17. f4 Nf6 18. exf5 Bxf5 19. Bxf5 gxf5 20. Nf3 Qd7 21. Rfe1
b5 22. Bh4 Nh5 23. Qc1 a5 24. a4 bxa4 25. g3 Rb8 26. Re2 Re8 27. Rde1 Rxe2 28.
Rxe2 Nf6 29. Bxf6 Bxf6 30. Qc2 Bxc3 31. Qxc3 Nxd5 32. Qxa5 Nf6 33. Nd2 Re7 34.
Qa8+ Kg7 35. Rxe7+ Qxe7 36. Kf2 Ng4+ 0-1

[Event "FLORIPA CHESS OPEN 2015"]
[Site "Florianopolis/SC"]
[Date "2015.01.15"]
[Round "3"]
[Board "36"]
[White "Lorenzon, Eduardo Lucas"]
[Black "Sa, Edivaldo Alves De"]
[Result "1-0"]
[WhiteElo "1830"]
[BlackElo "2026"]
[PlyCount "115"]
[EventDate "2015.01.14"]
[EventRounds "10"]
[EventCountry "BRA"]

1. e4 e6 2. d4 d5 3. Nc3 Bb4 4. Qg4 Kf8 5. e5 c5 6. a3 cxd4 7. axb4 dxc3 8. Bd3
Qc7 9. f4 Nc6 10. b3 Bd7 11. b5 Nce7 12. Ba3 Qb6 13. Ne2 Bxb5 14. Bxb5 Qxb5 15.
O-O g6 16. Kh1 h5 17. Qf3 Kg7 18. Nxc3 Qc6 19. Ne2 Nf5 20. Rfc1 Nge7 21. Bxe7
Nxe7 22. Nd4 Qb6 23. Qd3 a6 24. Qe3 Kh7 25. Ra4 Rac8 26. Qd2 Rc7 27. Rg1 Rhc8
28. g4 hxg4 29. Rxg4 Kg7 30. Qf2 Qc5 31. Qh4 Ng8 32. f5 exf5 33. Rxg6+ Kxg6 34.
Qg3+ Kh7 35. Nxf5 Qf8 36. Rh4+ Nh6 37. Nxh6 Qxh6 38. Rxh6+ Kxh6 39. Qf4+ Kg7
40. Qf6+ Kg8 41. e6 Re8 42. exf7+ Rxf7 43. Qg6+ Kf8 44. Qd6+ Rfe7 45. Qxd5 Rg7
46. Qc5+ Kf7 47. Qc4+ Re6 48. h4 b5 49. Qf4+ Rf6 50. Qc7+ Kg6 51. Qg3+ Kh7 52.
Qd3+ Kg8 53. c4 Rh6 54. Qd8+ Kh7 55. c5 Kg6 56. c6 Rhh7 57. Kg2 Rf7 58. Qg5#
 1-0

[Event "FLORIPA CHESS OPEN 2015"]
[Site "Florianopolis/SC"]
[Date "2015.01.15"]
[Round "3"]
[Board "37"]
[White "Melo, Maicon Joao"]
[Black "Hirota Da Silva, Nilton"]
[Result "0-1"]
[WhiteElo "1851"]
[BlackElo "2019"]
[PlyCount "68"]
[EventDate "2015.01.14"]
[EventRounds "10"]
[EventCountry "BRA"]

1. d4 c5 2. Nf3 cxd4 3. Nxd4 Nf6 4. Nc3 Nc6 5. e4 d6 6. Bg5 Qa5 7. Bxf6 gxf6 8.
Nb3 Qd8 9. Qh5 Ne5 10. f4 Ng6 11. Bc4 Qc7 12. Bxf7+ Kxf7 13. f5 Kg7 14. fxg6
hxg6 15. Qf3 Bd7 16. O-O-O Rc8 17. Rd2 e6 18. h4 a5 19. h5 a4 20. h6+ Kf7 21.
Rf2 Qd8 22. Nd2 Bxh6 23. Rhf1 Bg7 24. g4 a3 25. b3 Qc7 26. Ndb1 Qc5 27. e5 Bc6
28. Ne4 Bxe4 29. Qxe4 dxe5 30. Qxb7+ Rc7 31. Qa6 Bh6+ 32. Kd1 Rd8+ 33. Ke1 Qe3+
34. Re2 Rd1+ 0-1

[Event "FLORIPA CHESS OPEN 2015"]
[Site "Florianopolis/SC"]
[Date "2015.01.15"]
[Round "3"]
[Board "38"]
[White "Almeida, Tiago De"]
[Black "Albuquerque Junior, Wellington"]
[Result "1/2-1/2"]
[WhiteElo "2019"]
[BlackElo "2109"]
[PlyCount "20"]
[EventDate "2015.01.14"]
[EventRounds "10"]
[EventCountry "BRA"]

1. d4 Nf6 2. Nf3 g6 3. Bg5 Bg7 4. e3 b6 5. Bd3 Bb7 6. Nbd2 c5 7. c3 O-O 8. O-O
d6 9. Re1 Nc6 10. Ne4 Nxe4 1/2-1/2

[Event "FLORIPA CHESS OPEN 2015"]
[Site "Florianopolis/SC"]
[Date "2015.01.15"]
[Round "3"]
[Board "39"]
[White "Boff, Andre Ricardo"]
[Black "Dickel, Henrique De Oliveira"]
[Result "1-0"]
[WhiteElo "2000"]
[BlackElo "1808"]
[PlyCount "81"]
[EventDate "2015.01.14"]
[EventRounds "10"]
[EventCountry "BRA"]

1. d4 Nf6 2. Nf3 g6 3. e3 Bg7 4. Be2 O-O 5. O-O c5 6. b3 d6 7. Bb2 Bd7 8. c4
Na6 9. Nc3 Nc7 10. Qc2 a6 11. Ba3 cxd4 12. exd4 Bf5 13. Bd3 Bxd3 14. Qxd3 Re8
15. Rfe1 d5 16. c5 Nb5 17. Nxb5 axb5 18. b4 Qd7 19. Bb2 Ne4 20. Nd2 Nxd2 21.
Qxd2 Ra4 22. a3 e6 23. Qd3 Qc6 24. h4 Bf6 25. h5 Kg7 26. Re3 Kf8 27. Rh3 Ke7
28. hxg6 hxg6 29. Rh7 Rh8 30. Qxg6 Rxh7 31. Qxh7 Ra8 32. Qd3 Rg8 33. Re1 Rg4
34. Qf3 Rh4 35. g3 Rh7 36. Kg2 Qe8 37. Qxd5 Qc8 38. Qd6+ Ke8 39. Qf4 e5 40. g4
Qc6+ 41. Qe4 1-0

[Event "FLORIPA CHESS OPEN 2015"]
[Site "Florianopolis/SC"]
[Date "2015.01.15"]
[Round "3"]
[Board "41"]
[White "Avedisian, Alexander"]
[Black "Sztokbant, Bernardo Vainzoff"]
[Result "1/2-1/2"]
[WhiteElo "1810"]
[BlackElo "2278"]
[PlyCount "65"]
[EventDate "2015.01.14"]
[EventRounds "10"]
[EventCountry "BRA"]

1. e4 e5 2. Nf3 Nc6 3. d4 exd4 4. Nxd4 Bc5 5. Nxc6 Qf6 6. Qd2 bxc6 7. Nc3 Ne7
8. Na4 Bb6 9. Nxb6 axb6 10. Bd3 O-O 11. O-O c5 12. Qf4 Qc6 13. b3 d5 14. c4
dxc4 15. Bxc4 b5 16. Be2 Ng6 17. Qg3 Be6 18. Be3 c4 19. Rfc1 c3 20. b4 Rxa2 21.
Rxa2 Bxa2 22. Bc5 Rd8 23. Qxc3 Qxe4 24. Bxb5 Nf4 25. f3 Qg6 26. Bf1 h5 27. Qc2
Qg5 28. Kh1 Be6 29. Be3 Qe5 30. Qxc7 Qxc7 31. Rxc7 Nd5 32. Bg5 Rb8 33. Ra7
 1/2-1/2

[Event "FLORIPA CHESS OPEN 2015"]
[Site "Florianopolis/SC"]
[Date "2015.01.15"]
[Round "3"]
[Board "42"]
[White "Tasoko, Toshinobu"]
[Black "Queiroz, Alberto Becker"]
[Result "0-1"]
[WhiteElo "1803"]
[BlackElo "2111"]
[PlyCount "78"]
[EventDate "2015.01.14"]
[EventRounds "10"]
[EventCountry "BRA"]

1. e4 Nf6 2. e5 Nd5 3. c4 Nb6 4. d4 d6 5. Nf3 Bg4 6. Qd3 Nc6 7. Qe4 Bxf3 8.
gxf3 dxe5 9. d5 Nd4 10. Be2 f5 11. Qd3 e6 12. dxe6 Qf6 13. Be3 O-O-O 14. Bxd4
Rxd4 15. Qb3 Qxe6 16. Nd2 Be7 17. c5 Qh6 18. cxb6 Qxd2+ 19. Kf1 axb6 20. Qe6+
Kd8 21. Rd1 Qxb2 22. Rxd4+ exd4 23. Qd5+ Bd6 24. Qxb7 Re8 25. Ba6 Qc1+ 26. Kg2
Qg5+ 27. Kf1 Re6 28. Qc6 Ke7 29. Bb5 Kf6 30. Rg1 Re1+ 31. Kxe1 Qxg1+ 32. Ke2
Qxh2 33. Qd7 Qe5+ 34. Kf1 h5 35. Bc4 h4 36. Qf7+ Kg5 37. f4+ Kxf4 38. Qh5 Be7
39. Be2 Qe4 0-1

[Event "FLORIPA CHESS OPEN 2015"]
[Site "Florianopolis/SC"]
[Date "2015.01.15"]
[Round "3"]
[Board "43"]
[White "Da Cruz, Karoliny Taiane"]
[Black "Nunes Jr, Sidney"]
[Result "0-1"]
[WhiteElo "1798"]
[BlackElo "2034"]
[PlyCount "60"]
[EventDate "2015.01.14"]
[EventRounds "10"]
[EventCountry "BRA"]

1. e4 e5 2. Nf3 Nc6 3. Bb5 a6 4. Ba4 Nf6 5. O-O Be7 6. Re1 b5 7. Bb3 O-O 8. h3
d6 9. c3 Na5 10. Bc2 c5 11. d4 cxd4 12. cxd4 Qc7 13. Nbd2 Bb7 14. a3 Rac8 15.
Bd3 Nc4 16. Nf1 exd4 17. Nxd4 d5 18. exd5 Nxd5 19. Ne3 Ndxe3 20. fxe3 Qg3 21.
Qe2 Bd6 22. Kf1 Qh2 23. Nf3 Bxf3 24. gxf3 Qh1+ 25. Kf2 Qxh3 26. Rg1 Ne5 27. Bd2
Nxd3+ 28. Qxd3 Qh2+ 29. Rg2 Bg3+ 30. Kf1 Qh1+ 0-1

[Event "FLORIPA CHESS OPEN 2015"]
[Site "Florianopolis/SC"]
[Date "2015.01.15"]
[Round "3"]
[Board "44"]
[White "Castro Silva, Alex"]
[Black "Massarioli, Felipe Alvarenga"]
[Result "0-1"]
[WhiteElo "1798"]
[BlackElo "2027"]
[PlyCount "103"]
[EventDate "2015.01.14"]
[EventRounds "10"]
[EventCountry "BRA"]

1. e4 c6 2. d4 d5 3. e5 Bf5 4. Nf3 e6 5. Be2 h6 6. O-O Ne7 7. Na3 Bg4 8. c3 Ng6
9. h3 Bxf3 10. Bxf3 Be7 11. Bh5 Nh4 12. f4 g6 13. Be2 Nf5 14. g4 Ng3 15. Rf3
Nxe2+ 16. Qxe2 h5 17. Nc2 hxg4 18. hxg4 Na6 19. Qg2 Kd7 20. Rh3 Rxh3 21. Qxh3
Qh8 22. Kg2 Qxh3+ 23. Kxh3 c5 24. Bd2 cxd4 25. cxd4 Rc8 26. Ne3 Bb4 27. Rd1
Bxd2 28. Rxd2 Nb4 29. a3 Nc6 30. f5 Rh8+ 31. Kg3 gxf5 32. gxf5 Ne7 33. fxe6+
Kxe6 34. Rf2 Rg8+ 35. Kf3 Rg6 36. Ng2 Rh6 37. Kg4 f5+ 38. Kf3 Ng6 39. Ne3 Rh3+
40. Ke2 f4 41. Ng4 Rb3 42. Ke1 Rd3 43. Rd2 Rg3 44. Nf6 Nh4 45. Kd1 Rg1+ 46. Kc2
Nf3 47. Rf2 Nxd4+ 48. Kc3 Kxe5 49. Nd7+ Ke4 50. Rd2 Rc1+ 51. Kb4 Ke3 52. Rg2
 0-1

[Event "FLORIPA CHESS OPEN 2015"]
[Site "Florianopolis/SC"]
[Date "2015.01.15"]
[Round "3"]
[Board "45"]
[White "Fonseca Rodrigues, Edson"]
[Black "Policarpo, Nicolas"]
[Result "1-0"]
[WhiteElo "2024"]
[BlackElo "1781"]
[PlyCount "87"]
[EventDate "2015.01.14"]
[EventRounds "10"]
[EventCountry "BRA"]

1. e4 g6 2. d4 Nf6 3. Nc3 d5 4. e5 Ne4 5. Nxe4 dxe4 6. Be3 Bg7 7. f3 exf3 8.
Nxf3 c5 9. dxc5 Qxd1+ 10. Rxd1 Nc6 11. Bb5 Bg4 12. Bd4 O-O 13. Bxc6 bxc6 14.
Kf2 Rfd8 15. c3 Rd5 16. c4 Rd7 17. Bc3 Rad8 18. Rxd7 Rxd7 19. Re1 Be6 20. b3
Rd3 21. Re3 Rd1 22. Re1 Rd3 23. Bd2 Bg4 24. Ke2 Bf5 25. Rd1 Be4 26. Bf4 Rxd1
27. Kxd1 Bxf3+ 28. gxf3 Kf8 29. a3 Ke8 30. b4 Kd7 31. b5 g5 32. Bg3 h5 33. b6
axb6 34. cxb6 Kc8 35. a4 Kb7 36. a5 f5 37. exf6 Bxf6 38. Ke2 Bc3 39. Be1 Bd4
40. Kd3 c5 41. Bd2 Bf6 42. Bc3 Kc6 43. Bxf6 exf6 44. Ke4 1-0

[Event "FLORIPA CHESS OPEN 2015"]
[Site "Florianopolis/SC"]
[Date "2015.01.15"]
[Round "3"]
[Board "46"]
[White "Almeida, Heidy Jose Moreira De"]
[Black "Dibai, Jerry"]
[Result "1/2-1/2"]
[WhiteElo "2014"]
[BlackElo "1780"]
[PlyCount "58"]
[EventDate "2015.01.14"]
[EventRounds "10"]
[EventCountry "BRA"]

1. e4 c5 2. Nf3 g6 3. d4 cxd4 4. Nxd4 Bg7 5. Be3 Nc6 6. Nc3 Nf6 7. f3 O-O 8.
Qd2 d5 9. O-O-O dxe4 10. Nxe4 Nxe4 11. fxe4 Nxd4 12. Bxd4 Bxd4 13. Qxd4 Qa5 14.
Bc4 Bg4 15. Rdf1 Rad8 16. Qf2 Qg5+ 17. Qf4 Qxf4+ 18. Rxf4 Bc8 19. Rhf1 e6 20.
e5 a6 21. a4 b6 22. g3 Bb7 23. c3 Rc8 24. Kc2 Kg7 25. h4 b5 26. axb5 axb5 27.
Be2 Ra8 28. Bd3 Rfd8 29. g4 Bd5 1/2-1/2

[Event "FLORIPA CHESS OPEN 2015"]
[Site "Florianopolis/SC"]
[Date "2015.01.15"]
[Round "3"]
[Board "47"]
[White "Librelato, Kathie Goulart"]
[Black "Deus Filho, Joaquim De"]
[Result "1-0"]
[WhiteElo "1787"]
[BlackElo "2009"]
[PlyCount "73"]
[EventDate "2015.01.14"]
[EventRounds "10"]
[EventCountry "BRA"]

1. e4 e6 2. d4 b6 3. Be3 Bb7 4. f3 Nf6 5. c4 Bb4+ 6. Nc3 Bxc3+ 7. bxc3 d6 8.
Bd3 e5 9. Ne2 O-O 10. Qd2 Nbd7 11. Ng3 Ne8 12. h4 exd4 13. cxd4 Qe7 14. Nf5 Qd8
15. h5 c5 16. d5 Ne5 17. Qe2 b5 18. cxb5 a6 19. bxa6 Nxd3+ 20. Qxd3 Bxa6 21.
Qc3 f6 22. Kf2 Nc7 23. a4 Qd7 24. Nxd6 Nxd5 25. Qxc5 Nxe3 26. Kxe3 f5 27. e5
f4+ 28. Kf2 Rac8 29. Nxc8 Qd2+ 30. Kg1 Rxc8 31. Qf2 Qd3 32. Kh2 Rc2 33. Qh4 Qd2
34. Rhg1 Be2 35. Qe7 h6 36. Qe8+ Kh7 37. Qg6+ 1-0